Statistiques concernant Les 20 meilleurs joueurs Smash Bros Ultimate ( Automne 2019)

Cliquez ici pour prendre le quiz!

Statistiques générales

  • Ce quiz a été pris 78 fois
  • Le résultat moyen est 10 sur 20

Statistiques - réponses

PositionPaysTeam/SponsorJoueur% Correct
1èreMexiqueEcho FoxMkLeo
97%
8èmeFranceSolaryGlutonny
92%
15èmeJaponUYUT
83%
3èmeÉtats-UnisTeam SoloMidTweek
78%
6èmeMexiqueSpacestation GamingMaister
71%
10èmeÉtats-UnisRogueLight
68%
9èmeÉtats-UnisTeam LiquidDabuz
62%
5èmeÉtats-UnisPanda GlobalMarss
60%
4èmeÉtats-UnisNRG EsportsNairo
60%
2èmeÉtats-UniseUnitedSamsora
60%
7èmeJaponGameWithZackray
58%
14èmeÉtats-UnisPanda GlobalEsam
48%
12èmeJaponSusanoo Gaming 8Tea
45%
16èmeJaponPas de sponsorKEN
35%
13èmeJaponSunSisterShuton
35%
11èmeJaponRayRoad GamingKameme
28%
19èmeJaponPas de sponsorProtoBanham
25%
17èmeJaponThunder GamingRaito
25%
20èmeÉtats-UnisPas de sponsorWaDi
15%
18èmeJaponPas de sponsorKuro
5%

Distribution des résultats

Percentile par nombre de réponses

% des personnes avec chaque résultat

Votre développement - résultats

Vous n’avez pas pris ce quiz